Daňová uznateľnosť nákladov

Obmedzenie daňovej uznateľnosti nákladov.

Salvato in:
Dettagli Bibliografici
Autore principale: Hrtánek, Ladislav
Natura: Capitolo di libro
Lingua:slovacco
Soggetti:
Tags: Aggiungi Tag
Nessun Tag, puoi essere il primo ad aggiungerne!!

MARC

LEADER 00000naa a2200000 4500
001 0208680
005 20231120130656.4
041 0 |a slo 
044 |a SK 
245 1 0 |a Daňová uznateľnosť nákladov  |c Ladislav Hrtánek 
520 |a Obmedzenie daňovej uznateľnosti nákladov. 
610 2 0 |a náklady 
610 2 0 |a dane 
610 2 0 |a pohľadávky 
610 2 0 |a výdavky daňové 
100 1 |a Hrtánek, Ladislav